| 000 | 00987nam a2200265 4500 | ||
|---|---|---|---|
| 001 | 122443 | ||
| 003 | ES-MaACL | ||
| 005 | 20250822032959.0 | ||
| 007 | t| | ||
| 008 | 210901s2017 sp ad 00110 spa d | ||
| 020 | _a978-84-88909-88-6 | ||
| 080 | _a159.964.26 Jung Carl G. | ||
| 100 | 1 |
_aCastillo Colomer, Javier. _936732 |
|
| 245 | 1 | 0 |
_aPsicoterapia de orientación junguiana : _buna visión integrativa de la psicología analítica / _cJavier Castillo Colomer. |
| 250 | _a1ª ed. | ||
| 260 |
_aMadrid : _bPsimática, _c2017. |
||
| 300 |
_a215 p. : _bil., gráf. ; _c21 cm. |
||
| 504 | _aBibliografía: p. [211]-215. | ||
| 650 | 7 |
_aPsicología jungiana _2embne _9173646 |
|
| 852 | 4 |
_aES-MaACL _jA-14761 _9126992 _bR.151821 _cDEPO1 _dOlim: N-7761 _g Dedicatoria autógrafa del autor _hDonación: Javier Castillo Colomer |
|
| 903 |
_936732 _aCastillo Colomer, Javier _ednr |
||
| 942 |
_2udc _cMONOGRAFIA |
||
| 999 |
_c122443 _d122443 |
||